Észak-Európai utazásszervezés – A Bono Utazási Központ működésének bemutatása

Bibliográfiai részletek
Szerző: Kovács Bálint
További közreműködők: Hóka Péter
Dokumentumtípus: Projektmunka
Kulcsszavak:külföldi utazások
Skandinávia
turisztikai desztináció
utazási irodák
utazásszervezés
Online Access:http://dolgozattar.uni-bge.hu/59846

MARC

LEADER 00000nnm a2200000 i 4500
001 dolg59846
005 20260409145638.0
008 260409suuuu hu o 000 hun d
040 |a BGE Dolgozattár Repozitórium  |b hun 
041 |a hu 
100 1 |a Kovács Bálint 
245 1 0 |a Észak-Európai utazásszervezés – A Bono Utazási Központ működésének bemutatása  |c Kovács Bálint  |h [elektronikus dokumentum] 
516 |a Project_work 
520 3 |a A projektmunka témája az Észak-Európai turizmus jelen helyzete a világpiacon és kapcsolata az utazásszervezéssel. A dolgozat egy átfogó turisztikai, illetve utazási irodai szemszögből közelíti meg a témát, ezért többnyire ezen szempontok alapján kerülnek bemutatásra. Az utazásszervezői piacon a legnagyobb szerepelő A Bono Utazási Központ, ami Skandináv desztinációkra specializálódik és részesedési arányban is a legmagasabb. Ebből adódóan a térségbe irányuló csoportos utak jelentős részét az iroda szervezi és más utazásszervező, illetve közvetítő irodákon keresztül is értékesíti ezeket. 
695 |a külföldi utazások 
695 |a Skandinávia 
695 |a turisztikai desztináció 
695 |a utazási irodák 
695 |a utazásszervezés 
700 1 |a Hóka Péter  |e ths 
856 4 0 |u http://dolgozattar.uni-bge.hu/59846/1/Projektmunka_Kovacs_Balint_2025.pdf  |z Dokumentum-elérés 
856 4 0 |u http://dolgozattar.uni-bge.hu/59846/2/Bi%CC%81ra%CC%81lati%20lap_FOSZK_2025_Kova%CC%81cs%20Ba%CC%81lint.pdf  |z Dokumentum-elérés